| 000 | 01782cam a22004694a 4500 | ||
|---|---|---|---|
| 001 | muse68302 | ||
| 003 | MdBmJHUP | ||
| 005 | 20210127151215.0 | ||
| 006 | m o d | ||
| 007 | cr||||||||nn|n | ||
| 008 | 011108s2001 miu o 00 0 eng d | ||
| 010 | _z 2001057512 | ||
| 020 | _a9780814344514 | ||
| 020 | _a0814344518 | ||
| 020 | _z0814330320 (pbk. : alk. paper) | ||
| 020 | _z9780814344507 | ||
| 035 | _a(OCoLC)1056053817 | ||
| 040 |
_aMdBmJHUP _cMdBmJHUP |
||
| 043 | _an-us-ny | ||
| 050 | 0 | 4 |
_aF128.9.J5 _bS69 2001 |
| 082 | 0 |
_a974.7/1004924/006 _221 |
|
| 100 | 1 | _aSoyer, Daniel. | |
| 245 | 1 | 0 |
_aJewish Immigrant Associations and American Identity in New York, 1880-1939 _bJewish Landsmanshaftn in American Culture / _cDaniel Soyer. |
| 264 | 1 | _bWayne State University Press, | |
| 264 | 3 | _bProject MUSE, | |
| 300 |
_a1 online resource (291 p.) : _bill., map ; |
||
| 504 | _aIncludes bibliographical references (p. [207]-274) and index. | ||
| 506 | 0 |
_aOpen Access _fUnrestricted online access _2star |
|
| 588 | _aDescription based on print version record. | ||
| 650 | 0 |
_aJews _zNew York (State) _zNew York _xSocieties, etc. _xHistory. |
|
| 650 | 0 |
_aImmigrants _zNew York (State) _zNew York _xSocieties, etc. _xHistory. |
|
| 650 | 0 |
_aJews, East European _zNew York (State) _zNew York _xSocieties, etc. _xHistory. |
|
| 651 | 0 |
_aNew York (N.Y.) _xEthnic relations. |
|
| 655 | 7 |
_aElectronic books. _2local |
|
| 710 | 2 |
_aProject Muse. _edistributor |
|
| 830 | 0 | _aBook collections on Project MUSE. | |
| 856 | 4 | 0 |
_zFull text available: _uhttps://muse.jhu.edu/book/61466/ |
| 999 |
_c25006 _d25006 |
||